La oración / (Record no. 77403)

MARC details
000 -LEADER
campo de control de longitud fija 00568nam a2200181 i 4500
001 - NÚMERO DE CONTROL
campo de control 77403
003 - IDENTIFICADOR DE NÚMERO DE CONTROL
campo de control ES-MaACL
005 - FECHA Y HORA DE LA ÚLTIMA TRANSACCIÓN
campo de control 20230906173206.0
007 - CAMPO FIJO DE DESCRIPCIÓN FÍSICA--INFORMACIÓN GENERAL
campo de control de longitud fija t|
008 - DATOS DE LONGITUD FIJA--INFORMACIÓN GENERAL
campo de control de longitud fija 041008s1967 sp ||||1| spa d
100 1# - ENTRADA PRINCIPAL--NOMBRE DE PERSONA
Nombre de persona Hamman, Adalbert G.
9 (RLIN) 61673
245 13 - MENCIÓN DEL TÍTULO
Título La oración /
Mención de responsabilidad, etc. A. Hamman ; [versión de Daniel Ruiz Bueno].
260 ## - PUBLICACIÓN, DISTRIBUCIÓN, ETC.
Lugar de publicación, distribución, etc. Barcelona :
Nombre del editor, distribuidor, etc. Herder,
Fecha de publicación, distribución, etc. 1967.
300 ## - DESCRIPCIÓN FÍSICA
Extensión 2 v. (861 p.) ;
Dimensiones 22 cm.
505 8# - NOTA DE CONTENIDO CON FORMATO
Nota de contenido con formato Contiene: I. El Nuevo Testamento. -- II. Los tres primeros siglos
700 1# - ENTRADA AGREGADA--NOMBRE PERSONAL
Nombre de persona Ruiz Bueno, Daniel.
9 (RLIN) 100677
852 ## - LOCALIZACIÓN
Ubicación ES-MaACL
Número de control de estantería C-32599
Sublocalización o colección R.63276
Holdings
Estatus retirado Estado de pérdida Estado de daño No para préstamo Biblioteca de origen Biblioteca actual Ubicación en estantería Fecha de adquisición Fuente de adquisición Total de préstamos Signatura topográfica completa Código de barras Visto por última vez Precio de reemplazo Tipo de ítem Koha
        Biblioteca del Ateneo de Madrid Biblioteca del Ateneo de Madrid Depósito 2 17/01/2008     C-32599 1080985 23/02/2023 23/02/2023 Libro impreso